| 000 | 00400pam a2200169a 44500 | ||
|---|---|---|---|
| 008 | 230405s2019 xxu||||| |||| 00| 0 eng d | ||
| 041 | _aENG | ||
| 100 | _aS RAMAMRUTHAM | ||
| 245 | _aSTEEL TABLES | ||
| 250 | _a14TH ED 2010 . Ed. | ||
| 260 |
_aNONE _bDHANPAT RAI PUB.CO.PVT.LTD. _c2019 |
||
| 300 | _a1-137p. | ||
| 440 | _a99.00 | ||
| 650 | _aCIVIL ENGINEERING | ||
| 690 | _aCE | ||
| 906 | _a1893 | ||
| 999 |
_c780162 _d780162 |
||